000 01367nam a2200385 i 4500
001 10898
003 KOSZ 005
005 20230118112719.0
008 071025s1966 pl f 001 0 pol
015 _aPB 1967/1274
040 _aWA N
_cWA N
_dKOSZ 005/RW
_dKOSZ 005/HR
041 1 _apol
_heng
046 _k1966
080 _a51-7
080 _a(07)
100 1 _aFriedman, Bernard
_d(1915-1966)
_eAutor
245 1 0 _aWybrane zagadnienia matematyki stosowanej /
_cBernard Friedman ; tłumaczenie Lech Kubik.
246 1 _iTytuł oryginału:
_aPrinciples and techniques of applied mathematics.
260 _aWarszawa :
_bPaństwowe Wydawnictwo Naukowe,
_c1966.
300 _a399 stron :
_bilustracje ;
_c23 cm.
336 _aTekst
_btxt
_2rdacontent
337 _aBez urządzenia pośredniczącego
_bn
_2rdamedia
338 _aWolumin
_bnc
_2rdacarrier
380 _aKsiążki
380 _aPublikacje dydaktyczne
388 _a1901-2000
504 _aBibliografia na stronie [392]. Indeks.
658 _aMatematyka
655 4 _aPodręcznik
650 4 _aMatematyka stosowana
700 1 _aKubik, Lech Tadeusz
_d(1930-1997)
_eTłumaczenie
710 2 _aPaństwowe Wydawnictwo Naukowe
_4pbl.
856 _uhttp://koha.tu.koszalin.pl/cgi-bin/koha/opac-detail.pl?biblionumber=10893
_yKatalog online BPK
942 _2UKD
_cKS
999 _c10893
_d10893